| 000 | 00489nam a2200169Ia 4500 | ||
|---|---|---|---|
| 008 | 220216s9999 xx 000 0 und d | ||
| 100 | _aNair V K B | ||
| 245 | 0 | _aPreliminary note on the production of improved seed of rubber (Hevea brasiliensis Mull Arg) in India | |
| 260 |
_bRubber Board Bulletin _c1966 |
||
| 300 | _a22-29 | ||
| 650 | _aHevea brasiliensis | ||
| 650 | _aIndia | ||
| 650 | _aRubber seed | ||
| 650 | _aRubber seed gardens | ||
| 700 | _aOommen Koshy P | ||
| 942 | _cJS | ||
| 999 |
_c65489 _d65489 |
||